LEADER 01179naa a2200301 u 4500 001 000000113671 003 CaOOAMICUS 005 20081024160159.0 008 081024s2005 it u000 u ita r 020 $z978-88-15-12034-2* 040 $aPUL$bita$dLDB 041 1 $aita$hfre 100 1 $aEngel, Pascal.$0(OLS)http://pul/name/70115 240 10$aA quoi bon la vérité ?$lItaliano.$0(OLS)http://pul/title/142841 245 10$aA che serve la verità ? /$cPascal Engel, Richard Rorty. 260 $aBologna :$bIl Mulino,$cc2005. 300 $a90 p. ;$c18 cm. 490 1 $aVoci 504 $aBibliografia in nota. 650 4$aVerità.$0(OLS)http://pul/subject/673 700 1 $aRorty, Richard,$d1931-2007.$0(OLS)http://pul/name/52627 830 0$aVoci.$0(OLS)http://pul/title/142843 850 $aPUL 852 $aPUL$W1$xSL Filosofia 3$y81$m190 ENGPA 1$j129868$qDDC 21$B128933$CPULBib$Z2$F128933 $H108437 $82 941 1 $a9 996 $6020$z978-88-15-12034-2*$9(OLS)http://pul/number/138996 996 $6245$aA che serve la verità ? $9(OLS)http://pul/title/142842 996 $6260$aBologna :$bIl Mulino$9(OLS)http://pul/publisher/47928 LEADER 01766nam a2200361 a 4500 001 000000120599 003 CaOOAMICUS 005 20250703162603.0 008 100305s2000 it u000 u ita r 020 $z88-04-36360-6 (v. 1)* 020 $z88-04-46917-X (v. 2)* 040 $aPUL$bita$dReb 041 1 $aita$hfre 100 1 $aMaupassant, Guy de,$d1850-1893.$0(OLS)http://pul/name/56355 245 10$aTutte le novelle /$cGuy De Maupassant . 260 $aMilano :$bArnoldo Mondadori,$c2000. 300 $a2 v. ;$c18 cm. 490 1 $aMeridiani 504 $aInclude riferimenti bibliografici ed indice. 505 0 $aV. 1 / a cura di Mario Picchi. --v. 2 / a cura e con introduzione di Maria Giulia Longhi ; traduzione e cronologia di Mario Picchi. 700 1 $aPicchi, Mario,$d1927-1996.$0(OLS)http://pul/name/114452 700 1 $aLonghi, Maria Giulia.$0(OLS)http://pul/name/75436 700 1 $aMaupassant, Guy de,$d1850-1893.$tNovelle.$0(OLS)http://pul/nameTitle/1163$0(OLS)http://pul/name/56355$0(OLS)http://pul/title/151649 830 0$aMeridiani.$0(OLS)http://pul/title/67827 850 $aPUL 852 $aPUL$W1$xSL Cons. Gen., Altre Classi 3$y75$m850 COLL 2.84.1$j138232$qDDC 21$B137451$CPULBib$Z2$F137451 $H112960 $82 852 $aPUL$W1$xSL Cons. Gen., Altre Classi 3$y75$m850 COLL 2.84.2$j138233$qDDC 21$B137452$CPULBib$Z2$F137452 $H112961 $82 941 1 $a9 996 $6020$z88-04-36360-6 (v. 1)*$9(OLS)http://pul/number/143536 996 $6020$z88-04-46917-X (v. 2)*$9(OLS)http://pul/number/143537 996 $6245$aTutte le novelle$9(OLS)http://pul/title/151648 996 $6260$aMilano :$bArnoldo Mondadori$9(OLS)http://pul/publisher/60431